Carácter y Estructura Social /

Guardado en:
Detalles Bibliográficos
Autor principal: Gerth, Hans H. (autor)
Otros autores: Mills, C. Wright (autor) (autor)
Formato: Libro
Idioma:Español
Colección:(Psicología Social y Sociología)
Temas:
Etiquetas: Agrega una etiqueta
Sin etiquetas, Sé el primero en etiquetar este registro!

MARC

LEADER 00000nam^a2200000^a^4500
001 000072527
005 20250521000000.0
009 20260310091555.732
037 |a Acervo ITESO - Biblioteca 
041 |a ESP 
082 |a 155. 8  |b GER 
100 |a Gerth, Hans H.  |e (autor) 
245 1 0 |a Carácter y Estructura Social /  |c H.H. Gerth, C. Wright Mills. 
264 |a Buenos Aires, Argentina :  |b Paidós,  |c 1968 
300 |a 444 p. 
336 |a texto  |b txt  |2 rdacontenido 
337 |a sin mediación  |b n  |2 rdamedio 
338 |a volumen  |b nc  |2 rdasoporte 
440 1 |a (Psicología Social y Sociología) 
500 |a Traducción de: Character and Social Structure 
649 |a XX 
650 |a Psicología Social 
650 |a Psicología Social 
650 |a Carácter 
700 |a Mills, C. Wright  |e (autor) 
910 |a Fondo Armando Suárez Gómez 
920 |a Impresos - Libros 
930 |a Fondos Especiales 
905 |a 111 
901 |a 0700002926  |b IT2  |c ESP  |u 20250521 
902 |a https://opac.biblio.iteso.mx/vufind/Record/000072527